Datum a čas kvízu
33.5
Celkem bodů
Celkový počet nahraných bodů na tomto kvízu bez doplňovacích otázek.
6.
Pořadí na kvízu
Konečné umístění týmu na tomto kvízu.
Zaznamenané odpovědi
| # | Otázka | Odpověď | Body | Výsledky |
|---|---|---|---|---|
| 1. | Jedna z českých chráněných kra... | CHKO Jeseníky | 0 | |
| 2. | Andrej Kiska v pondělí předsta... | Za lidi | 0 | |
| 3. | Ve Francii byl minulý týden dr... | Vincent van Gogh | 1 | |
| 4. | Facebook připravuje ve spolupr... | Libra | 0 | |
| 5. | Jak se jmenuje český hokejista... | David Pastrňák | 1 | |
| 6. | Téma o Cimrmanovi jste si vybr... | C | 1 | |
| 7. | Která z těchto postav nevystup... | C | 1 | |
| 8. | Jak se jmenuje tento přední če... | Miloň Čepelka | 1 | |
| 9. | Příjmení Cimrman vymyslel Jiří... | B | 0 | |
| 10. | „Jdu na sever. A už jdu ___ __... | na jih | 1 |